000 00548nam a22002177a 4500
003 UA-OsUOA
001 39003
007 ta
008 20060602b un ||||| |||| 00| 0 ukr d
100 _aСікорський Іван
090 _a32
_bС11
942 _cSA
040 _aUA-OsUOA
_bukr
_cUA-OsUOA
_dUA-OsUOA
245 _a"Страшна дійсність XXст."
300 _a30-31 с.
955 _a0
041 _aukr
080 _a32
773 0 _w39002
_tПерсонал
_dК.
_d2006
_g11
650 7 _a32 Політика
_2UDC
999 _c325139
_d325139